<?xml version="1.0" encoding="UTF-8"?>
<record
    xmlns:xsi="http://www.w3.org/2001/XMLSchema-instance"
    xsi:schemaLocation="http://www.loc.gov/MARC21/slim http://www.loc.gov/standards/marcxml/schema/MARC21slim.xsd"
    xmlns="http://www.loc.gov/MARC21/slim">

  <leader>01355aab a2200241 i 4500</leader>
  <controlfield tag="001">768714001</controlfield>
  <controlfield tag="003">CO-MdFUSB</controlfield>
  <controlfield tag="005">20260305201614.0</controlfield>
  <controlfield tag="008">240805t1996    -us||||| |||| 00| 0 eng d</controlfield>
  <datafield tag="040" ind1=" " ind2=" ">
    <subfield code="b">spa</subfield>
    <subfield code="c">CO-MdFUSB</subfield>
  </datafield>
  <datafield tag="041" ind1=" " ind2=" ">
    <subfield code="a">eng</subfield>
  </datafield>
  <datafield tag="100" ind1="1" ind2=" ">
    <subfield code="a">Heideman, Eugene</subfield>
    <subfield code="e">autor</subfield>
  </datafield>
  <datafield tag="245" ind1="0" ind2="0">
    <subfield code="a">Proselytism, mission and the bible</subfield>
    <subfield code="c">/ Eugene Heideman </subfield>
  </datafield>
  <datafield tag="520" ind1=" " ind2=" ">
    <subfield code="a">La acusaci&#xF3;n de proselitismo se levanta con frecuencia contra aquellos que estaban involucrados en actividades de evangelizaci&#xF3;n expl&#xED;cita. En la &#xE9;poca intertestamentaria, los significados de ger y proselytos hab&#xED;an cambiado. Ambos se empleaban para denotar a aquellos gentiles que se compromet&#xED;an a observar completamente la ley jud&#xED;a y eran admitidos en plena comuni&#xF3;n con Israel.  Para el proselitismo eran necesarias tres cosas: (1) la circuncisi&#xF3;n (en el caso de los varones), (2) el bautismo (para la purificaci&#xF3;n ritual), (3) la libertad de coerci&#xF3;n externa en materia religiosa o de ofrenda de sacrificio. </subfield>
  </datafield>
  <datafield tag="546" ind1=" " ind2=" ">
    <subfield code="a">Texto en ingl&#xE9;s.</subfield>
  </datafield>
  <datafield tag="650" ind1=" " ind2="7">
    <subfield code="a">Religi&#xF3;n</subfield>
    <subfield code="9">385</subfield>
  </datafield>
  <datafield tag="650" ind1=" " ind2="0">
    <subfield code="a">Evangelizaci&#xF3;n</subfield>
    <subfield code="9">362</subfield>
  </datafield>
  <datafield tag="650" ind1=" " ind2="7">
    <subfield code="a">Hermen&#xE9;utica b&#xED;blica</subfield>
    <subfield code="9">7333</subfield>
  </datafield>
  <datafield tag="650" ind1=" " ind2="0">
    <subfield code="a">Biblia</subfield>
    <subfield code="9">16</subfield>
  </datafield>
  <datafield tag="773" ind1="0" ind2=" ">
    <subfield code="t">International Bulletin</subfield>
    <subfield code="0">49483</subfield>
    <subfield code="9">61012</subfield>
    <subfield code="g">Volumen 20, (n&#xFA;mero 1, 1996), p&#xE1;ginas: 10 - 12</subfield>
    <subfield code="q">p&#xE1;gina: 10</subfield>
  </datafield>
  <datafield tag="942" ind1=" " ind2=" ">
    <subfield code="c">ANA</subfield>
  </datafield>
  <datafield tag="945" ind1=" " ind2=" ">
    <subfield code="a">Catherine Arias &#xC1;lvarez - Practicante SENA</subfield>
  </datafield>
  <datafield tag="999" ind1=" " ind2=" ">
    <subfield code="c">57412</subfield>
    <subfield code="d">57412</subfield>
  </datafield>
</record>
